Artisti con più settimane in prima posizione (FIMI, singoli) - Statistics

Statistiche generali
  • Questo quiz è stato fatto 38 volte
  • Il punteggio medio è 4 su 13
Statistiche sulle risposte
Settimane Luogo e anno di nascita Cantante % Corretto
55 Sesto San Giovanni, 1992 Sfera Ebbasta
65%
23 Milano, 1994 Lazza
55%
36 Brescia, 2003 Blanco
48%
21 Milano, 1980 Guè
45%
23 Olbia, 1984 Salmo
42%
23 Barranquilla (Colombia), 1977 Shakira
35%
27 Londra (UK),1988 Adele
29%
20 Milano, 1972 J-Ax
26%
40 Milano, 1989 Fedez
23%
23 Milano, 1992 Mahmood
23%
49 Palermo, 1979 Giusy Ferreri
19%
21 Roma, 1966 Jovanotti
10%
21 Virginia Beach (USA), 1973 Pharrell Williams
3%
Nessun quiz corrispondente trovato
Distribuzione punteggi
Percentuale di utenti per punteggio
Percentile per numero di risposta
I tuoi punteggi nel tempo
Non hai fatto questo quiz